00862nam a2200241Ia 450000100060000000300090000600800410001504000130005604000130006904100130008210000200009510000290011524500520014424500570019625000110025326000120026426000130027626000490028930000570033850001720039565000220056765000310058913434IT-RoPAU130308s9999 xx 000 0 und d aIT-RoPAU cIT-RoPAU aITALIANO aZambetti Sandro gCodice Aut. SPICS: 3410 aCinema e pubblico in Italia negli anni sessanta bStoria del Cinema-3-Autori e tendenze Anni '50 e '60 a1a ed. aVENEZIA bMarsilio c1978 [1° Ed.:1978 - Ed.Ling.Originale:1978] a"23 p. (prefazione: no ; testo: 23 [pagine: 56-78])" aIndirizzi produttivi Generi Cinematografici Film Popolare Colossi d'autore e Film di sondaggio Pepla western All'Italiana mondi Sexy di Notte Dalla commedia Alla Farsa aSTORIA DEL CINEMA eCodice materia Spics: 6808